[Event "SUI-ch TP1"]
[Site "Payerne"]
[Date "2022.05.28"]
[Round "6"]
[White "Stijve, Theo"]
[Black "Bosson, Jean Yves"]
[Result "1-0"]
[WhiteElo "2341"]
[BlackElo "1823"]
[PlyCount "57"]
[EventDate "2022.05.26"]
[EventType "swiss"]
[EventRounds "7"]
[EventCountry "SUI"]
[SourceTitle "CBM 208 Extra"]
[Source "ChessBase"]
[SourceDate "2022.07.31"]
[SourceVersion "1"]
[SourceVersionDate "2022.07.31"]
[SourceQuality "1"]

1. Nf3 Nf6 2. c4 e6 3. g3 d5 4. Bg2 Be7 5. 0-0 0-0 6. b3 c5 7. Bb2 d4 8. e3 Nc6 9. exd4 cxd4 10. Re1 Re8 11. d3 Bb4 12. Nbd2 Bc3 13. Bxc3 dxc3 14. Nb1 Nb4 15. Nxc3 Nxd3 16. Re2 Nb4 17. Rd2 Qe7 18. Ne5 Rb8 19. a3 Na6 20. b4 h5 21. Nb5 Ra8 22. Nd6 Rf8 23. Ndxf7 Nc7 24. Nh8 Nce8 25. Nhg6 Qc7 26. Rd8 Rb8 27. Bh3 Rf7 28. Rxe8+ Nxe8 29. Qxh5 1-0